00573nam a2200193Ia 4500003000900000008004100009020002200050040001600072080001700088100001900105245004700124250001200171260004000183300001400223490004700237650004100284650002800325650002600353IN-BaIIA211028s9999 xx 000 0 eng d a978-1-119-95151-3 cIIA Library a519.226bCON aCongdon, Peter 0aApplied bayesian modellingcPeter Congdon  a2nd ed. aChichesterbJohn Wiley & Sonsc2014 aix, 437p. aWiley series in probability and statistics aBayesian statistical decision theory aMathematical statistics aMathematics - applied